000 00797nam a2200241Ia 4500
003 OSt
005 20220923212449.0
006 a|||||r|||| 00| 0
007 ta
008 220922b |||||||| |||| 00| 0 hin d
024 _a153,246
037 _cTextual
040 _aARTS
_cARTS
_bhin
041 _2hin
_ahin
082 _aO152v, L9
100 _aबखोरी, सोमदत्त
_9156279
245 0 _aहिन्दी साहित्य का परिचय
246 _aHindī sāhitya kā parichaya
260 _aमोरिशस
_b हिन्दी प्रचारिणी
_c1979
650 _aहिन्दी साहित्य
_9156264
942 _hO152v, L9
_cTEXL
_2CC
999 _c308893
_d308893